000 00684nam a2200241 a 4500
001 BRCA_3928
005 20190320204458.0
008 100110s1947----mx-a######---#000-0#spa-#
041 _aspa
044 _amx
050 4 _aGA485
_b.A64 1 1947
100 1 _aApenes, Ola
_d1898-1943.
_910218
245 1 0 _aMapas antiguos del Valle de México
_cOla Apenes.
260 _aMéxico
_bUNAM, Instituto de Historia
_c1947
300 _a31 p.
_bil., 43 mapas
_c23 cm.
500 _aIncluye índice de mapas
500 _aEjemplar igual a CFG54
500 _aC78
650 1 4 _aValle de México
_eMapas
_910219
650 1 4 _aMéxico (Ciudad)
_eMapas
_910220
902 _aGFM
942 _2lcc
_cB
999 _c3655
_d3655